Honey, I love, and other love poems / (Record no. 6105)
[ view plain ]
| 000 -LEADER | |
|---|---|
| fixed length control field | 01156cam a2200349 i 4500 |
| 001 - CONTROL NUMBER | |
| control field | 6105 |
| 003 - CONTROL NUMBER IDENTIFIER | |
| control field | FISKH |
| 005 - DATE AND TIME OF LATEST TRANSACTION | |
| control field | 20250314104001.0 |
| 008 - FIXED-LENGTH DATA ELEMENTS--GENERAL INFORMATION | |
| fixed length control field | 770222s1978 nyua j 000 0 eng |
| 010 ## - LIBRARY OF CONGRESS CONTROL NUMBER | |
| LC control number | 77002845 |
| 020 ## - INTERNATIONAL STANDARD BOOK NUMBER | |
| International Standard Book Number | 0690013345 |
| 040 ## - CATALOGING SOURCE | |
| Original cataloging agency | DLC |
| Transcribing agency | DLC |
| Modifying agency | DLC |
| Language of cataloging | eng |
| 050 ## - LIBRARY OF CONGRESS CALL NUMBER | |
| Classification number | PS3557.R39416 H66 |
| 082 ## - DEWEY DECIMAL CLASSIFICATION NUMBER | |
| Classification number | 811.54 |
| 100 1# - MAIN ENTRY--PERSONAL NAME | |
| Personal name | Greenfield, Eloise. |
| 245 10 - TITLE STATEMENT | |
| Title | Honey, I love, and other love poems / |
| Statement of responsibility, etc. | by Eloise Greenfield ; pictures by Diane and Leo Dillon. |
| 260 ## - PUBLICATION, DISTRIBUTION, ETC. | |
| Place of publication, distribution, etc. | New York : |
| Name of publisher, distributor, etc. | Harper Collins, |
| Date of publication, distribution, etc. | 1978. |
| 300 ## - PHYSICAL DESCRIPTION | |
| Extent | 48 pages : |
| Other physical details | illustrations ; |
| Dimensions | 18 cm |
| 505 ## - FORMATTED CONTENTS NOTE | |
| Formatted contents note | K<br/> |
| 520 ## - SUMMARY, ETC. | |
| Summary, etc. | Titles include "I Look Pretty," "Fun," "Riding on the Train," "Harriet Tubman," and "By Myself." |
| 521 8# - TARGET AUDIENCE NOTE | |
| Target audience note | 510<br/> |
| Source | Lexile estimate <br/> |
| 521 8# - TARGET AUDIENCE NOTE | |
| Target audience note | K<br/> |
| Source | Raz-Plus |
| 650 #0 - SUBJECT ADDED ENTRY--TOPICAL TERM | |
| Topical term or geographic name entry element | African Americans |
| Form subdivision | Juvenile poetry. |
| 650 #0 - SUBJECT ADDED ENTRY--TOPICAL TERM | |
| Topical term or geographic name entry element | Children's poetry, American. |
| 650 #0 - SUBJECT ADDED ENTRY--TOPICAL TERM | |
| Topical term or geographic name entry element | Love poetry, American. |
| 650 #1 - SUBJECT ADDED ENTRY--TOPICAL TERM | |
| Topical term or geographic name entry element | American poetry |
| General subdivision | African American authors. |
| 700 ## - ADDED ENTRY--PERSONAL NAME | |
| Personal name | Diane |
| Relator term | illustrator |
| 700 ## - ADDED ENTRY--PERSONAL NAME | |
| Personal name | Dillon, Leo |
| Relator term | illustrator |
| 906 ## - LOCAL DATA ELEMENT F, LDF (RLIN) | |
| a | 7 |
| b | cbc |
| c | orignew |
| d | 1 |
| e | ocip |
| f | 19 |
| g | y-gencatlg |
| 942 ## - ADDED ENTRY ELEMENTS (KOHA) | |
| Source of classification or shelving scheme | Dewey Decimal Classification |
| Koha item type | Books |
| Suppress in OPAC | No |
| Withdrawn status | Lost status | Source of classification or shelving scheme | Damaged status | Not for loan | Collection | Home library | Current library | Shelving location | Date acquired | Total Checkouts | Full call number | Barcode | Date last seen | Price effective from | Koha item type |
|---|---|---|---|---|---|---|---|---|---|---|---|---|---|---|---|
| Dewey Decimal Classification | Juvenile Fiction | Footprints International School Library Network Toul Kork Campus | Footprints International School Library Network Toul Kork Campus | TK Primary Library Room(4th Floor), Bookcase 3&4, Shelves 17-32, Yellow Books | 03/14/2025 | GRE 811.54 PS3557.R39416 H66 | FISTK00170 | 03/14/2025 | 03/14/2025 | Books |
